00661 a2200181 4500020001500000035001200015040001300027082001100040100002500051245008900076260003800165300003400203490008700237650003900324650002500363650005100388830004000439 a0070278938 a7814324 aDLCbDLC a005.7310aHeileman, Gregory L.10aData structures, algorithms, and object-oriented programmingc/ Gregory L. Heileman.0 aNew Delhib: McGraw-Hillc., 2002 axvi, 446 p.b: ill.c; 24 cm.1 aMcGraw-Hill series in computer science. Fundamentals of computing and programming. 0aData structures (Computer science) 0aComputer algorithms. 0aObject-oriented programming (Computer science) 0aMcGraw-Hill computer science series